| 000 | 00546nam a2200169Ia 4500 | ||
|---|---|---|---|
| 005 | 20250528100001.0 | ||
| 008 | 241212s9999 xx 000 0 und d | ||
| 020 |
_a9780367681586 _qpbk |
||
| 082 | _a362.4048 BUR | ||
| 100 | _aBurke, Ciaran | ||
| 245 | 0 |
_a/ Social Research And Disability- developing inclusive research spaces for disable researchers _cBurke, Ciaran |
|
| 250 | _aFirst edition | ||
| 260 |
_bRoutledge, _c2021 _aNew York |
||
| 300 |
_a170p. : _bxvii; _c21cm. |
||
| 650 | _aSocial welfare problems & services | ||
| 942 | _cENGLISH | ||
| 999 |
_c566178 _d566178 |
||